01030nam a2200241 i 4500003000900000005001700009007000300026008004100029020001500070040003000085082001900115100002900134245016800163264005100331300004000382336002700422337003400449338002800483500003400511710008700545710009600632710006000728DO-SdBNP20230906152209.0ta110413s2005 dr d 000 0 spa d a9586711021 aDO-SdBNPbspacBNPHUerda axxxxbU76p222 aUribe Schroeder, Richard10aProducción y comercio internacional del libro en centro América, República Dominicana y Cuba, 2003 : bdiagnóstico estadístico /cRichard Uribe Schroeder 1aSanto Domingo :bCERLALC,bUNESCObSIERc2005. a139 páginas bgráficos c28 cm. 2rdacontentatextobtxt 2rdamediaasin mediación bn 2rdacarrieravolumenbnc aIncluye gráficos y tablas. 12aCentro Regional para el Fomento del Libro en América Latina y el Caribe (CERLAC)12aOrganización de las Naciones Unidas para la Educación, la Ciencia y la Cultura (UNESCO)12aServicio de Información Estadística Regional (SIER)